000 00746nam a2200193Ii 4500
003 JO-AjNU
008 230605s9999||||xx |||||||||||||| ||und||
040 _aJO-AjNU
_bara
_erda
_cJO-AjNU
041 _aara
050 1 4 _aLG395 2012
100 3 _aبني يسين، يوسف أحمد إعداد/مبيضين،مهند مبيضين باحث .... وآخرون,
_eauthor
_943771
245 0 0 _aسيرة ومسيرة القسم الثاني 1988-2012
264 3 1 _aعمان:الجامعة الأردنية،2012
300 _a708ص
336 _atext
_btxt
_2rdacontent
337 _aunmediated
_bn
_2rdamedia
338 _avolume
_bnc
_2rdacarrier
650 4 _a الجامعات والكليات-الأردن-الجامعة الأردنية
_943772
999 _aA18841
_c22409
_d22409